| 000 | 05338cam a2201165 i 4500 | ||
|---|---|---|---|
| 999 | _c54606 | ||
| 001 | 19695669 | ||
| 003 | LIBRIS | ||
| 005 | 20201118122146.0 | ||
| 008 | 160921s2016 sw |||||||||||000 f|swe|c | ||
| 020 |
_a9789176910535 _qpocket |
||
| 035 | _a(BOKR)9789176910535 | ||
| 040 |
_aBOKR _bswe _dL _dS _ei _erda |
||
| 041 | _aswe | ||
| 082 | 0 | 4 |
_a839.738 _223/swe |
| 100 | 1 |
_aWilderäng, Lars, _d1970- _4aut _0https://libris.kb.se/gdsw2qb02m7x43k#it |
|
| 245 | 1 | 0 |
_aMidvintermörker / _cLars Wilderäng. |
| 250 | _aFörsta pocketutgåvan i detta utförande | ||
| 264 | 1 |
_aStockholm : _bMassolit pocket, _c2016 |
|
| 264 | 1 |
_a[Stockholm] : _bMassolit pocket, _c[2016] |
|
| 264 | 3 | _aLitauen | |
| 264 | 3 | _c2016 | |
| 300 |
_a462 sidor _c18 cm |
||
| 336 |
_atext _btxt _2rdacontent |
||
| 337 |
_aunmediated _bn _2rdamedia |
||
| 338 |
_avolume _bnc _2rdacarrier |
||
| 500 | _aOriginalupplaga 2011 | ||
| 648 | 7 |
_a2010-talet _0https://id.kb.se/term/sao/2010-talet _2sao |
|
| 650 | 7 |
_aKrig _0https://id.kb.se/term/sao/Krig _2sao |
|
| 650 | 7 |
_aOckupation _0https://id.kb.se/term/sao/Ockupation _2sao |
|
| 650 | 0 | _aMilitary occupation | |
| 650 | 0 | _aWar | |
| 651 | 7 |
_aRyssland _0https://id.kb.se/term/sao/Ryssland _2sao |
|
| 651 | 7 |
_aSverige _0https://libris.kb.se/97mppvdt327j8rx#it _2sao |
|
| 655 | 7 |
_aDystopier _0https://id.kb.se/term/saogf/Dystopier _2saogf |
|
| 655 | 7 |
_aThrillers _0https://id.kb.se/term/saogf/Thrillers _2saogf |
|
| 655 | 7 |
_aRomaner _0https://id.kb.se/term/saogf/Romaner _2saogf |
|
| 951 | s |
_6651 _aRossiya |
|
| 951 | s |
_6651 _aRyska federationen |
|
| 951 | k |
_6651 _aSovjetunionen |
|
| 951 | s |
_6651 _aKonungariket Sverige |
|
| 887 |
_a{"@id":"zh9m8rc94kllg98","modified":"2017-06-07T14:11:15+02:00","checksum":"103711050107"} _2librisxl |
||
| 887 |
_a{"@id":"r32rmqw1p0q2zvd0","modified":"2020-02-26T16:18:32.725+01:00","checksum":"123884080068"} _2librisxl |
||
| 887 |
_a{"@id":"fps6rn99cwc6jl6w","modified":"2018-10-31T15:01:29.06+01:00","checksum":"116937656297"} _2librisxl |
||
| 887 |
_a{"@id":"2f4vjr0b0qw6lvs5","modified":"2020-09-14T10:16:21.304+02:00","checksum":"124161869493"} _2librisxl |
||
| 887 |
_a{"@id":"t35snm7hrf1qlksq","modified":"2018-11-12T11:21:02.919+01:00","checksum":"124481650446"} _2librisxl |
||
| 887 |
_a{"@id":"bnz8zgp88j1f25wm","modified":"2020-05-20T11:16:23.717+02:00","checksum":"116852627744"} _2librisxl |
||
| 887 |
_a{"@id":"djrvwvtk4dz7xn2","modified":"2016-11-09T11:26:03+01:00","checksum":"88887199283"} _2librisxl |
||
| 887 |
_a{"@id":"mr02n66s0r3dk4k","modified":"2016-10-14T14:21:37+02:00","checksum":"125009907061"} _2librisxl |
||
| 887 |
_a{"@id":"qv3chnlw3zfvsh9","modified":"2017-08-25T18:41:47+02:00","checksum":"122013320565"} _2librisxl |
||
| 887 |
_a{"@id":"sx57wd6z4zppkxt","modified":"2016-10-21T11:18:33+02:00","checksum":"112916514430"} _2librisxl |
||
| 887 |
_a{"@id":"bgp0wd3h1b0j1zl","modified":"2017-09-06T16:53:49+02:00","checksum":"120646247353"} _2librisxl |
||
| 887 |
_a{"@id":"6jsx9rn442jrtcp9","modified":"2020-05-18T15:16:17.411+02:00","checksum":"121641270661"} _2librisxl |
||
| 887 |
_a{"@id":"hmv38znn06tjzd4","modified":"2017-05-24T17:01:56+02:00","checksum":"92021719392"} _2librisxl |
||
| 887 |
_a{"@id":"djr51wpk0x09j5s","modified":"2018-01-09T16:30:24+01:00","checksum":"123217442120"} _2librisxl |
||
| 887 |
_a{"@id":"lxps7qpvj46m036r","modified":"2020-01-08T16:16:16.821+01:00","checksum":"121110141848"} _2librisxl |
||
| 887 |
_a{"@id":"z3bgcgc43mg23cv","modified":"2016-12-21T09:19:47+01:00","checksum":"94949841818"} _2librisxl |
||
| 942 |
_2z _cBOOK |
||
| 948 | s |
_6648 _aTjugohundratiotalet _u2010-talet |
|
| 948 | s |
_6648 _aTvåtusentiotalet _u2010-talet |
|